000 00479nam a22001811a 4500
001 10295
003 OSt
005 20260204212154.0
008 081024s1997||||sp ||||||b||||||||||spa||
020 _a8448111443
050 _a340.56 C822m
100 _aDe Cassio Martínez, Manuel
245 _aLas medidas en los casos de crisis matrimonial / Manuel De Cassio Martínez
264 _aEspaña : McGraw-Hill
300 _a209 p
650 _aDerecho CivilÌ
942 _2ddc
_cBK
999 _c10295
_d10295